000 00218nam a22000857a 4500
008 161116b xxu||||| |||| 00| 0 eng d
100 _91239
_aBPI India
245 _aRevenge Does Not Pay
260 _aNew Delhi
_bBPI India
_c2011
999 _c3944
_d3944